| 000 | 00390 a2200145 4500 | ||
|---|---|---|---|
| 005 | 20250625132021.0 | ||
| 020 | _a0-07-252342-5 | ||
| 082 | _a150.72 COZ | ||
| 100 | _aCOZBY, C . P | ||
| 245 | _aMethods in Behavioral Research | ||
| 250 | _a8th Ed. | ||
| 260 |
_aBoston _bMcGraw- Hill Irwin _c2001. |
||
| 300 |
_axi,396p.: ill.; figures _bAppendix, Index, References _c23cm |
||
| 942 |
_2ddc _cBKS |
||
| 999 |
_c5072 _d5072 |
||